Score 0/16 Timer 03:00
1 Play Today
Clue WR Word % Correct
Not correct or trueWrong
95.7%
Cover or enclose in materialWrap
91.2%
Hand jointWrist
91.2%
Mark with a pen or pencilWrite
90.9%
Extreme angerWrath
89.7%
Slight line or fold in the skinWrinkle
89.5%
Cause the destruction of a shipWreck
87.2%
Squeeze and twist water fromWring
86.9%
Clue WR Word % Correct
Tool (also called a spanner)Wrench
80.2%
Squirm like a wormWriggle
80%
Twist, as in pain or embarrassmentWrithe
70.7%
Cause havoc or inflict vengeanceWreak
60%
Phantom or apparitionWraith
51.9%
Ironically or grimly humorousWry
49.6%
Utterly worthless personWretch
46.1%
Maker or builderWright
33.1%
Remove Ads.
Support Sporcle.
Get the best of Sporcle when you Go Orange. This ad-free experience offers more features, more stats, and more fun while also helping to support Sporcle. Thank you for becoming a member.

You're not logged in!

Compare scores with friends on all Sporcle quizzes.
OR
Log In

Show Comments

Extras

Top Quizzes Today


Score Distribution

Your Account Isn't Verified!

In order to create a playlist on Sporcle, you need to verify the email address you used during registration. Go to your Sporcle Settings to finish the process.

Report this User

Report this user for behavior that violates our Community Guidelines.

Details: